Quentin Tarantino Movies - Statistics

General Stats
  • This quiz has been taken 121 times
  • The average score is 7 of 8
Answer Stats
Starring Hint Movie % Correct
John Travolta, Uma Thurman The lives of two mob hit men, a boxer, a gangster's wife, and a pair of diner bandits intertwine in four tales of violence and redemption. Pulp Fiction
99%
Jamie Foxx, Christoph Waltz With the help of a German bounty hunter, a freed slave sets out to rescue his wife from a brutal Mississippi plantation owner. Django Unchained
98%
Uma Thurman, David Carradine The Bride wakens from a four-year coma. The child she carried in her womb is gone. Now she must wreak vengeance on the team of assassins who betrayed her - a team she was once part of. Kill Bill 1 & 2
98%
Brad Pitt, Diane Kruger In Nazi-occupied France during World War II, a plan to assassinate Nazi leaders by a group of Jewish U.S. soldiers coincides with a theatre owner's vengeful plans for the same. Inglourious Basterds
96%
Harvey Keitel, Tim Roth After a simple jewelry heist goes terribly wrong, the surviving criminals begin to suspect that one of them is a police informant. Reservoir Dogs
91%
Samuel L. Jackson, Kurt Russell In the dead of a Wyoming winter, a bounty hunter and his prisoner find shelter in a cabin currently inhabited by a collection of nefarious characters. The Hateful Eight
89%
Pam Grier, Samuel L. Jackson A middle-aged woman finds herself in the middle of a huge conflict that will either make her a profit or cost her life. Jackie Brown
81%
Kurt Russell, Zoe Bell Two separate sets of voluptuous women are stalked at different times by a scarred stuntman who uses his "death proof" cars to execute his murderous plans. Death Proof
74%
No matching quizzes found
Score Distribution
Percent of People with Each Score
Percentile by Number Answered
Your Score History
You have not taken this quiz